000 00349nam a2200133Ia 4500
008 240624s9999 xx 000 0 und d
041 _aeng
082 _a658 PAU
100 _aPAUL DAN
245 _aCURE ENTERPRISE MEDICINE FOR BUSINESS A
260 _c2003
_aNew Jersey
_bJohn Wiley and Sons
300 _ax, : 288 : p. : cm. ; 23
365 _c
_b30
999 _c16326
_d16326